| 000 | 00920cam a2200313 i 4500 | ||
|---|---|---|---|
| 999 |
_c200453123 _d71335 |
||
| 001 | 997765013406676 | ||
| 003 | TR-AnTOB | ||
| 005 | 20230525160949.0 | ||
| 007 | ta | ||
| 008 | 230523s1995 xxua 001 0 eng d | ||
| 020 | _a0801679486 | ||
| 040 |
_aDNLM _beng _erda _cTR-AnTOB _dTR-AnTOB |
||
| 041 | 0 | _aeng | |
| 060 | 0 | 0 |
_aWN 208 _bH143t 1995 |
| 096 |
_aWB 208 _bH143t 1995 |
||
| 100 | 1 |
_aHagen-Ansert, Sandra L. _eauthor _9141989 |
|
| 245 | 1 | 0 |
_aTextbook of diagnostic ultrasonography / _cSandra L. Hagen-Ansert. |
| 246 | 3 | _aDiagnostic ultrasonography | |
| 250 | _a4th edition | ||
| 264 | 1 |
_aSt. Louis : _bMosby, _c1995. |
|
| 264 | 4 | _8©1995 | |
| 300 |
_a2 volumes (1436 pages.) : _billustrations. |
||
| 336 |
_atext _btxt _2rdacontent |
||
| 337 |
_aunmediated _bn _2rdamedia |
||
| 338 |
_avolume _bnc _2rdacarrier |
||
| 650 | 1 | 2 |
_aUltrasonography _9117254 |
| 942 |
_2NLM _cBK |
||